| 000 | 00476nam a22001817a 4500 | ||
|---|---|---|---|
| 003 | CEME | ||
| 005 | 20210628210210.0 | ||
| 008 | 210215b xxu||||| |||| 00| 0 eng d | ||
| 020 | _a81-203-1086-1 | ||
| 040 | _c. | ||
| 082 | _a004.692 MOR | ||
| 100 |
_aMorris, Larry _978485 |
||
| 245 | _aE-mail and messaging new rider's guide | ||
| 260 |
_aNEW DELHI _bPRENTICE HALL _c1996 |
||
| 300 | _a515P | ||
| 650 |
_aELECTRONIC MAIL ELECTRONIC MESSAGING _978486 |
||
| 942 |
_cBK _2ddc |
||
| 999 |
_c583601 _d583601 |
||